Datum a čas kvízu
34.5
Celkem bodů
Celkový počet nahraných bodů na tomto kvízu bez doplňovacích otázek.
7.
Pořadí na kvízu
Konečné umístění týmu na tomto kvízu.
Zaznamenané odpovědi
| # | Otázka | Odpověď | Body | Výsledky |
|---|---|---|---|---|
| 1. | Bývalá první dáma oslavila v ú... | Ivana Zemanová, 60 | 0 | |
| 2. | Ve vysílání maďarské státní te... | Bratislavský hrad | 1 | |
| 3. | Jak se jmenuje Miss Czech Repu... | Linda Górecká | 1 | |
| 4. | Který evropský poloostrov post... | Pyrenejský (Iberský) | 1 | |
| 5. | Minulý týden plnil stránky spo... | Andrej Kollár | 1 | |
| 6. | Podíváme se na několik známých... | Cheops / Chufu (Chufev) | 1 | |
| 7. | V Egyptě ještě chvíli zůstanem... | Hatšepsut (Hatšepsovet) | 0 | |
| 8. | Kdo je pohřben pod tímto náhro... | Josef Skupa | 0 | |
| 9. | Tento hřbitov je situován při... | Arlingtonský | 0 | |
| 10. | V poslední otázce tématu se po... | Jenny Gump | 1 |